000
00455nam a2200133Ia 4500
008
100328s9999 xx 000 0 und d
082
_b
72654
100
_a
पुणेकर ईशान
245
_a
गोष्टी कानोकानी
260
_b
मेहता पब्लिशिंग हाऊस.
630
_a
गोष्टी कानोकानी
730
_a
गोष्टी कानोकानी
942
_c
BOOK
999
_c
558375
_d
558372